| 000 | 01517nam a22002897a 4500 | ||
|---|---|---|---|
| 999 |
_c56724 _d56724 |
||
| 003 | Ge_BSU | ||
| 005 | 20191119121308.0 | ||
| 008 | 190218s2018 ge ||||| |||| 00| 0 geo d | ||
| 020 | _a9789941460456 | ||
| 041 | _ageo | ||
| 080 | _a597.2/5(038)+81'374.26=161.1=353.1=124 გ-59 | ||
| 100 |
_aგოგმაჩაძე, თემურ _9118 |
||
| 245 |
_aთევზების ნომენკლატურა : _bრუსულ-ქართულ-ლათინური ლექსიკონი / _cთემურ გოგმაჩაძე ; რევაზ ზოსიძე. მთაავ. რედ ; რ. გორაძე ; რ. მიქელაძე. |
||
| 264 |
_aბათუმი: _bს.ს. "გამომცემლობა აჭარა", _c2018 |
||
| 300 |
_a455 გვ .; _b20 სმ. |
||
| 504 | _aბიბლ. გვ. 452-453 | ||
| 505 | _a | ||
| 505 | _a | ||
| 546 | _aპარალ. სათ. ინგლ. ენაზე. | ||
| 653 | _aზოოლოგია | ||
| 653 | _aთევზები | ||
| 700 |
_aზოსიძე,რევაზ _9119 _eმთავარი რედაქტორი |
||
| 700 |
_a გორაძე, რ. _9120 _eრედაქტორი |
||
| 700 |
_aმიქელაძე, რ. _9121 _eრედაქტორი |
||
| 710 |
_aბათუმის შოთა რუსთაველის სახელმწიფო უნივერსიტეტი _9122 |
||
| 942 |
_2udc _cBK |
||